000 00494 a2200157 4500
001 143471
040 _cLeonardo Da Vinci
082 _a920 F565p
_bF565p
100 _aFISHER, Carrie
245 _aPortais do abismo
_bos segredos da droga em Hollywood contados pela protagonis de 'guerra nas estrelas'
260 _bNova Cultural
_c1989
_aSão Paulo
300 _a235
362 _a19890000
697 _aBiografia
_aRecuperação das drogas
_aLiteratura Americana
_aEnsino médio
942 _cBK
999 _c143471
_d143471